Modern statistics for behavioral sciences (Record no. 234312)

000 -LEADER
fixed length control field 00732cam a22002411 4500
001 - CONTROL NUMBER
control field 6606940
003 - CONTROL NUMBER IDENTIFIER
control field Nust
005 - DATE AND TIME OF LATEST TRANSACTION
control field 20170317124007.0
008 - FIXED-LENGTH DATA ELEMENTS--GENERAL INFORMATION
fixed length control field 720519s1967 nyua 000 0 eng
010 ## - LIBRARY OF CONGRESS CONTROL NUMBER
LC control number 67014485
035 ## - SYSTEM CONTROL NUMBER
System control number (OCoLC)312913
040 ## - CATALOGING SOURCE
Original cataloging agency DLC
Transcribing agency OClU
Modifying agency OCoLC
-- DLC
042 ## - AUTHENTICATION CODE
Authentication code premarc
050 00 - LIBRARY OF CONGRESS CALL NUMBER
Classification number HA29
Item number .L8377
082 ## - DEWEY DECIMAL CLASSIFICATION NUMBER
Classification number 310 LOR
100 1# - MAIN ENTRY--PERSONAL NAME
Personal name Lordahl, Daniel S.
245 10 - TITLE STATEMENT
Title Modern statistics for behavioral sciences
Statement of responsibility, etc. Daniel S. Lordahl.
260 ## - PUBLICATION, DISTRIBUTION, ETC.
Place of publication, distribution, etc. New York,
Name of publisher, distributor, etc. Ronald Press Co.
Date of publication, distribution, etc. [1967]
300 ## - PHYSICAL DESCRIPTION
Extent xii, 365 p.
Other physical details illus.
Dimensions 24 cm.
500 ## - GENERAL NOTE
General note H.B
650 #0 - SUBJECT ADDED ENTRY--TOPICAL TERM
Topical term or geographic name entry element Statistics.
906 ## - LOCAL DATA ELEMENT F, LDF (RLIN)
a 7
b cbc
c oclcrpl
d u
e ncip
f 19
g y-gencatlg
942 ## - ADDED ENTRY ELEMENTS (KOHA)
Source of classification or shelving scheme
Koha item type Book
Call number prefix 310 LOR
Holdings
Withdrawn status Lost status Source of classification or shelving scheme Damaged status Not for loan Collection code Permanent Location Current Location Shelving location Date acquired Total Checkouts Full call number Barcode Date last seen Price effective from Koha item type
            Institute of Environmental Science and Engineering (IESE) Institute of Environmental Science and Engineering (IESE) General Stacks 03/17/2017   310 LOR IESE-16 03/17/2017 03/17/2017 Book
© 2023 Central Library, National University of Sciences and Technology. All Rights Reserved.